Principios de mediciones e instrumentación / Alan S. Morris (Registro nro. 26318)
[ vista simple ]
| 000 -LÍDER | |
|---|---|
| fixed length control field | 00409nam a2200145 4500 |
| 020 ## - NÚMERO INTERNACIONAL NORMALIZADO PARA LIBROS | |
| ISBN | 970-26-0138-X |
| 050 ## - SIGNATURA TOPOGRAFICA DE LA BIBLIOTECA DEL CONGRESO (LC) | |
| Número de Clasificación | T50 M6218 2002 |
| 082 ## - NUMERO DE CLASIFICACION DECIMAL DEWEY | |
| Número de Clasificación | 681.2 M6218p |
| 100 ## - ASIENTO PRINCIPAL--NOMBRE PERSONAL | |
| Nombre personal | Morris, Alan S. |
| 245 ## - TÍTULO | |
| Título | Principios de mediciones e instrumentación / Alan S. Morris |
| 250 ## - MENCIÓN DE EDICIÓN | |
| Mención de edición | 1 |
| 260 ## - PUBLICACIÓN, DISTRIBUCIÓN, ETC. (PIE DE IMPRENTA) | |
| Lugar de publicación, distribución, etc. | México : Pearson Educación |
| 300 ## - DESCRIPCIÓN FÍSICA | |
| Extensión | 220 p. / 24 cm |
| 650 ## - ASIENTO SECUNDARIO DE MATERIA - TERMINO TEMÁTICO | |
| Término temático o nombre geográfico como elemento de entrada | 1. MEDICIONES 2. INSTRUMENTOS DE INGENIERIA |
| No. biblioteca | No. biblioteca | Número de clasificación | Código de barras/Número de adquisición | Número de copia | Tipo de material |
|---|---|---|---|---|---|
| ÁREA DE ELECTROMECÁNICA | ÁREA DE ELECTROMECÁNICA | 681.2 M6218p | 50873 | 1 | Libros |
| ÁREA DE ELECTROMECÁNICA | ÁREA DE ELECTROMECÁNICA | 681.2 M6218p | 50874 | 2 | Libros |
| ÁREA DE ELECTROMECÁNICA | ÁREA DE ELECTROMECÁNICA | 681.2 M6218p | 50875 | 3 | Libros |
| ÁREA DE ELECTROMECÁNICA | ÁREA DE ELECTROMECÁNICA | 681.2 M6218p | 50876 | 4 | Libros |
